Ultimate Random Rock/Pop Music Trivia - Statistics

General Stats
  • This quiz has been taken 386 times
  • The average score is 14 of 30
Answer Stats
Question Answer % Correct
Who's the King? Elvis Presley
86%
What year was Woodstock? 1969
83%
What band wants to Paint It Black? The Rolling Stones
83%
First grunge band to achieve major mainstream success? Nirvana
81%
Which band headlined this movement? The Beatles
75%
What song did Queen and David Bowie record? Under Pressure
75%
Who did Johnny B. Goode? Chuck Berry
69%
What band played You Really Got Me & Lola? The Kinks
69%
What band played My Generation? The Who
69%
What song was inspired by The Day The Music Died? American Pie
65%
Outkast recorded a song in 2003 that is widely regarded as one of the best songs of the era. Hey Ya!
57%
Blur and Oasis were rivaling bands in what genre? Britpop
50%
Other grunge band that emerged at the same with similar success. Pearl Jam
50%
A wave of British rock acts scoring it large in the U.S. was called? The British Invasion
49%
Legendary hard rock band that achieved a #1 single in 1998 for the movie Armageddon. Aerosmith
45%
Benefit song from 1985 featuring a plethora of top musical acts. We Are The World
38%
Band who revived the punk movement and scored massive success in 1994. Green Day
37%
What group is responsible for the success of that soundtrack? Bee Gees
34%
Who is most famous for his songs featured in 80s soundtracks? (Ex: Caddyshack, Top Gun) Kenny Loggins
33%
What movie soundtrack became a monstorous #1 for six months in 1978? Saturday Night Fever
33%
Early influential rock act consisting of two brothers. The Everly Brothers
32%
What hit single did Cee Lo Green and Danger Mouse create together? Crazy
23%
What song is considered the first in Rock and Roll? Rock Around the Clock
23%
Band known for humor, punk-pop songs and featuring two lead singers. Blink-182
18%
Band named after singer who wrote #1's songs about prayers and those who ruin love affairs. Bon Jovi
18%
What live album propelled Peter Frampton to stardom and became one of the most successful live albums of all-time at the point? Frampton Comes Alive
16%
What benefit concert was organized by George Harrison and Ravi Shankar for the country of Bangladesh? Concert For Bangladesh
13%
Singing songs about anger following a breakup and irony. Alanis Morissette
11%
Who is considered the Queen of Rock and Roll? Stevie Nicks
9%
An album recorded by a boy band that was named for their liberation following release from their previous management. No Strings Attached
5%
No matching quizzes found
Score Distribution
Percent of People with Each Score
Percentile by Number Answered
Your Score History
You have not taken this quiz